Chamonix et sa vallée, : (Record no. 1440)
[ view plain ]
| 000 -CABECERA | |
|---|---|
| campo de control de longitud fija | 00636cam a2200193 a 4500 |
| 001 - NÚMERO DE CONTROL | |
| campo de control | 000001537 |
| 005 - FECHA Y HORA DE LA ÚLTIMA TRANSACCIÓN | |
| campo de control | 20200929145619.0 |
| 008 - DATOS DE LONGITUD FIJA--INFORMACIÓN GENERAL | |
| campo de control de longitud fija | 811117s1970 fr abc 000 0 fre |
| 040 ## - FUENTE DE LA CATALOGACIÓN | |
| Centro catalogador/agencia de origen | DO-SdBNP |
| Centro/agencia transcriptor | CarP |
| Centro/agencia modificador | DLC |
| 082 ## - NÚMERO DE LA CLASIFICACIÓN DECIMAL DEWEY | |
| Número de clasificación | 910.202 |
| Número de documento/Ítem | C448v |
| 245 00 - MENCIÓN DE TÍTULO | |
| Título | Chamonix et sa vallée, : |
| Resto del título | le Mont-Blanc. / |
| Mención de responsabilidad, etc. | Editor, François Monmarché. |
| 260 ## - PUBLICACIÓN, DISTRIBUCIÓN, ETC. | |
| Lugar de publicación, distribución, etc. | Paris, : |
| Nombre del editor, distribuidor, etc. | Hachette, |
| Fecha de publicación, distribución, etc. | 1970. |
| 300 ## - DESCRIPCIÓN FÍSICA | |
| Extensión | 78 p. : |
| Otras características físicas | il., mapas, retrs., ; |
| Dimensiones | 16 cm. |
| 651 #4 - PUNTO DE ACCESO ADICIONAL DE MATERIA--NOMBRE GEOGRÁFICO | |
| Nombre geográfico | Chamonix-Mont-Blanc (Francia{Rpara} |
| 9 (RLIN) | 5043 |
| 651 #4 - PUNTO DE ACCESO ADICIONAL DE MATERIA--NOMBRE GEOGRÁFICO | |
| Nombre geográfico | Blanc, Mont (Francia E Italia{Rpara} |
| 9 (RLIN) | 5044 |
| 650 #4 - PUNTO DE ACCESO ADICIONAL DE MATERIA--TÉRMINO DE MATERIA | |
| Término de materia o nombre geográfico como elemento de entrada | Viajes |
| Subdivisión de forma | GUÍAS |
| 9 (RLIN) | 5045 |
| 700 1# - PUNTO DE ACCESO ADICIONAL--NOMBRE DE PERSONA | |
| Nombre de persona | Monmarché, François, |
| Término indicativo de función/relación | ed. |
| 9 (RLIN) | 5046 |
| 910 ## - DATOS DE OPCIÓN DEL USUARIO (OCLC) | |
| Datos de opción del usuario | DC |
No items available.
